[Event "Australian Major op"]
[Site "Tuggeranong"]
[Date "2007.01.01"]
[Round "1"]
[White "MacMillan, Malcolm"]
[Black "Hartley Holl, Clifford"]
[Result "1-0"]
[WhiteElo "1734"]
[BlackElo "1307"]
[PlyCount "70"]
[EventDate "2007.01.01"]
[EventType "swiss"]
[EventRounds "6"]
[EventCountry "AUS"]
[SourceTitle "EXT 2008"]
[Source "ChessBase"]
[SourceDate "2007.11.25"]
[SourceVersion "1"]
[SourceVersionDate "2007.11.25"]
[SourceQuality "1"]

1. e4 c6 2. d4 d5 3. Nc3 dxe4 4. Nxe4 Bf5 5. Ng3 Bg6 6. h4 h6 7. h5 Bh7 8. Nf3 Nf6 9. Bd3 e6 10. Bxh7 Nxh7 11. Bf4 Nd7 12. 0-0 Nhf6 13. c4 Bb4 14. a3 Ba5 15. b4 Bc7 16. Qd2 Qb8 17. Bxc7 Qxc7 18. Rfe1 0-0 19. Ne5 Rad8 20. Qe2 Rfe8 21. Rad1 a6 22. f4 b5 23. c5 Nd5 24. Qf2 N7f6 25. f5 exf5 26. Nxf5 Nxh5 27. Nd6 Re7 28. Nxc6 Rxe1+ 29. Rxe1 Rxd6 30. cxd6 Qxc6 31. Qe2 Ndf6 32. Qe5 Kf8 33. Qf5 g6 34. Qe5 Qd7 35. Rc1 Ng4 1-0

[Event "Doeberl Cup Major 42nd"]
[Site "Canberra"]
[Date "2004.04.10"]
[Round "3"]
[White "MacMillan, Malcolm"]
[Black "Yachou, Nur"]
[Result "0-1"]
[WhiteElo "1808"]
[BlackElo "1891"]
[PlyCount "56"]
[EventDate "2004.04.09"]
[EventType "swiss"]
[EventRounds "7"]
[EventCountry "AUS"]
[SourceTitle "EXT 2006"]
[Source "ChessBase"]
[SourceDate "2005.11.24"]
[SourceVersion "1"]
[SourceVersionDate "2005.11.24"]
[SourceQuality "1"]

1. e4 c5 2. Nf3 d6 3. d4 cxd4 4. Nxd4 Nf6 5. Nc3 a6 6. Bg5 e6 7. f4 b5 8. e5 dxe5 9. fxe5 Qc7 10. Nf3 Nfd7 11. Bf4 Nc6 12. Qd2 Bb7 13. Bxb5 axb5 14. Nxb5 Qb6 15. Nd6+ Bxd6 16. Qxd6 Qb4+ 17. Qxb4 Nxb4 18. Nd4 Rc8 19. Kd2 Bxg2 20. Rhg1 Be4 21. Rxg7 Bg6 22. c3 Nd5 23. Bh6 Nxe5 24. Re1 Ng4 25. Nxe6 Nxh6 26. Nc7+ Kf8 27. Rxg6 hxg6 28. Nxd5 Ng4 0-1

[Event "Doeberl Cup Major 40th"]
[Site "Canberra"]
[Date "2002.04.29"]
[Round "2"]
[White "MacMillan, Malcolm"]
[Black "Chan, Jason"]
[Result "1-0"]
[WhiteElo "1938"]
[BlackElo "1794"]
[PlyCount "97"]
[EventDate "2002.03.29"]
[EventType "swiss"]
[EventRounds "7"]
[EventCountry "AUS"]
[SourceTitle "EXT 2004"]
[Source "ChessBase"]
[SourceDate "2003.11.25"]
[SourceVersion "1"]
[SourceVersionDate "2003.11.25"]
[SourceQuality "1"]

1. e4 c5 2. Nf3 d6 3. d4 cxd4 4. Nxd4 Nf6 5. Nc3 a6 6. Be2 e6 7. Be3 b5 8. Bf3 Nfd7 9. 0-0 Be7 10. e5 d5 11. Nxd5 exd5 12. Bxd5 Nb6 13. Bxa8 Nxa8 14. Qf3 Nb6 15. Nc6 Qc7 16. Nxb8 Qxb8 17. Qc6+ Nd7 18. e6 fxe6 19. Qxe6 Qc7 20. Rfe1 Nf6 21. Qb3 Ng4 22. g3 Nxe3 23. Rxe3 Rf8 24. Rae1 Rf7 25. Qd3 Qd7 26. Qxh7 Qf5 27. Qxf5 Bxf5 28. Ra3 Bc8 29. Rc3 Kd8 30. Rd1+ Bd7 31. Rc6 a5 32. Ra6 Bc5 33. Rd2 Kc7 34. Kg2 Kb7 35. Rxa5 Bc6+ 36. Kh3 Bb4 37. Rxb5+ Bxb5 38. c3 Bc5 39. f4 Bd7+ 40. Kg2 Bc6+ 41. Kh3 g5 42. fxg5 Bf2 43. Rd6 Rf5 44. g6 Bf3 45. g4 Rf6 46. Rxf6 Bd5 47. Rxf2 Bg8 48. Kg3 Kc8 49. Kg2 1-0

[Event "Doeberl Cup 38th"]
[Site "Canberra"]
[Date "2000.04.22"]
[Round "3"]
[White "MacMillan, Malcolm"]
[Black "Phan Koshnitsky, Ngan"]
[Result "0-1"]
[WhiteElo "2010"]
[BlackElo "2143"]
[PlyCount "68"]
[EventDate "2000.04.01"]
[EventType "swiss"]
[EventRounds "7"]
[EventCountry "AUS"]
[SourceTitle "EXT 2001"]
[Source "ChessBase"]
[SourceDate "2000.11.22"]
[SourceVersion "1"]
[SourceVersionDate "2000.11.22"]
[SourceQuality "1"]

1. e4 c5 2. Nf3 Nc6 3. d4 cxd4 4. Nxd4 Nf6 5. Nc3 e5 6. Nb3 Bb4 7. Bd3 d5 8. exd5 Qxd5 9. 0-0 Bxc3 10. bxc3 0-0 11. Qe2 e4 12. Bc4 Qe5 13. h3 a6 14. a4 Bf5 15. Bb2 Rac8 16. Nd4 Bg6 17. Bb3 Rfe8 18. Rad1 Qg5 19. Bc1 Qc5 20. Qe3 Na5 21. Bb2 Nc4 22. Bxc4 Qxc4 23. Qe2 Qxa4 24. Ra1 Qc4 25. Ra5 Qxe2 26. Nxe2 e3 27. f3 Bxc2 28. Nd4 Bd3 29. Re1 b6 30. Raa1 Nd5 31. Rac1 Nf4 32. Kh2 Bc4 33. Rc2 Nd3 34. Rb1 Nc5 0-1